Á lódáil...

Management and planning of rural development in India

Sonraí Bibleagrafaíochta
Príomhúdar: Chaman Lal Kashyap
Formáid: Printed Book
Teanga:Undetermined
English
Foilsithe: New Delhi Ashish publishing House 1989
Ábhair:
LEADER 00585nam a2200181Ia 4500
008 140306s9999 xx 000 0 und d
020 |a 81 7024 239 8 
041 |a eng 
082 |a 307 .1  |b CHA/MA 
100 |a Chaman Lal Kashyap 
245 |a Management and planning of rural development in India 
260 |a New Delhi  |b Ashish publishing House  |c  1989 
300 |a 188 
365 |b Rs .150 
650 |a I R D P 
942 |2 ddc  |c BK 
999 |c 182798  |d 182798 
952 |0 0  |1 0  |2 ddc  |4 0  |6 307_000000000000000__1_CHA_MA  |7 0  |9 188540  |a KAUCBV  |b KAUCBV  |g 150.00  |o 307 .1 CHA/MA  |r 2014-03-22  |w 2014-03-22  |y BK